Регионална библиотека "Любен Каравелов" - Русе

Умението да се движим в планината (Запис номер 168143)

MARC детайли
000 -Лидер
Контролно поле с фиксирана дължина 01173nam a2200301 c 4500
003 - Код на организацията, давaща контролен номер
Контролно поле BLK
005 - Дата и час на последна редакция
Контролно поле 20180420235129.0
008 - Елементи от данни с фиксирана дължина
fixed length control field 180411b bul|||||r ||||||| ||bul||
010 ## - Наследен системен номер
LC control number KNG00176014000
040 ## - Източник на каталожния запис
Идентификатор на билиотеката - собственик на записа BLK
041 ## - Код за език
Код за езика на текст/звукозапис или на отделно заглавие Български
Код за езика КДБФ Български
080 ## - УДК
Текстов определител УДК Туризъм. Алпинизъм. Ориентиране. Международен туризъм вж 338.48 и 379.85
УДК код - определител по УДК 796.5
УДК определител (035)
УДК - код + определител 796.5(035)
100 1# - Редна дума - Автор
Автор Кандиларов, Иван Й.
Авторска отговорност първи автор
R(LIN) 337742
139 ## - Редно поле
Редна дума Кандиларов, Иван Й.
Авторски знак Канг - К 25
245 10 - Сведения за заглавието
Заглавие Умението да се движим в планината
Подзаглавни данни Ръководство
Редно поле (дума) Иван Й. Кандиларов.
257 ## - Страна на издаване
Страна на създаване/издаване България
260 ## - Област на издателските данни
-- София
Име на издателя, разпространителя и проч. Медицина и физкултура
Година на издаване 1983
Печатница Пловдив : Д. Благоев
300 ## - Физическа характеристика
Страници 48 с.
Илюстрации и др. с ил., табл.
Размери/Мащаб 20 см
380 ## - Жанр
Жанр 793/799 Спорт
650 #4 - Допълнително описание по предмет – тема
Основно описание – тема или топоним Туризъм
9 (RLIN) 174203
653 ## - Ключова дума – ненормативна
Ключова дума туризъм
653 ## - Ключова дума – ненормативна
Ключова дума ръководства
852 ## - Местоположение
Форматна сигнатура Цб 123108
856 4# - Електронен адрес и достъп
Електронен формат pdf - файл
Път до файла /url/
856 4# - Електронен адрес и достъп
Електронен формат pdf - файл
Път до файла /url/
942 ## - АРТИКУЛИ
Вид на библиотечния материал Книги
Скрит в OPAC Не
944 ## - СЪЗДАВАНЕ И РЕДАКЦИЯ на ЗАПИСА
Създаване/Редакция Създаване
Дата на регистрацията/редакция 29.05.2015
Служител, извършил регистрацията/редакцията Христина_Везирева
944 ## - СЪЗДАВАНЕ И РЕДАКЦИЯ на ЗАПИСА
Създаване/Редакция Редакция
Дата на регистрацията/редакция 29.05.2015
Служител, извършил регистрацията/редакцията Христина_Везирева
999 ## - СИСТЕМНИ КОНТРОЛНИ НОМЕРА
Koha biblionumber 168143
Koha biblioitemnumber 168143
Наличности
Код за отписване Код за изгубен артикул Източник на класификационната схема Код за повреда Коз за рестрикции Код за отдаване Артикулен № Име на библиотеката - собственик Име на библиотеката, в която се намира в момента Статус (Текущо местоположение) Дата на вписване в системата Местоположение - отдел Цена в лева Инвентарен номер Систематично азбучна сигнатура Баркод Номер на екземпляра Цена в евро Служебна бележка Служебен тип на артикула
  Не е изгубен Universal Decimal Classification Не е повреден без рестрикции ползва се в читалня 283686 Регионална библиотека "Любен Каравелов" Русе Регионална библиотека "Любен Каравелов" Русе Хранилище 1983-01-01 Хранилище 0.32 384380 Цб 123108 900000011221 1 0.16 Вид: Сф N: стар фонд Дата: 01.01.1983 Книги
Изтеглен Не е изгубен Universal Decimal Classification Не е повреден без рестрикции заемане за дома 283687 Регионална библиотека "Любен Каравелов" Русе Регионална библиотека "Любен Каравелов" Русе Заемна - подръчен фонд 1983-01-01 Заемна - подръчен фонд 0.32 384727 П 796.5/К 25 384727 2 0.16 Вид: Сф N: стар фонд Дата: 01.01.1983 Книги
Изтеглен Не е изгубен Universal Decimal Classification Не е повреден без рестрикции заемане за дома 283688 Регионална библиотека "Любен Каравелов" Русе Регионална библиотека "Любен Каравелов" Русе Заемна - подръчен фонд 1983-01-01 Заемна - подръчен фонд 0.32 384728 П 796.5/К 25 384728 3 0.16 Вид: Сф N: стар фонд Дата: 01.01.1983 Книги
Изтеглен Не е изгубен Universal Decimal Classification Не е повреден без рестрикции заемане за дома 283689 Регионална библиотека "Любен Каравелов" Русе Регионална библиотека "Любен Каравелов" Русе Детски отдел 1983-01-01 Детски отдел 0.32 384845 ДХ 796/799 384845 4 0.16 Вид: Сф N: стар фонд Дата: 01.01.1983 Дата инв: 02.10.2015 Бележки инв: Д2015 Книги
Vip Innovations Ltd, Rousse, Bulgaria 2025